Kurt Vonnegut Novels Quiz Stats

 Plays Quiz Updated Dec 27, 2019

Support Sporcle.
Go Orange.
Score 0/14 Timer 05:00
1 Play Today
Year Novel % Correct
1969Slaughterhouse-Five
95.6%
1963Cat's Cradle
80%
1973Breakfast of Champions
70%
1959The Sirens of Titan
45.6%
1952Player Piano
43.9%
1985Galápagos
40%
1997Timequake
39.5%
Year Novel % Correct
1965God Bless You, Mr. Rosewater
38.2%
1961Mother Night
35.7%
1987Bluebeard
31.2%
1976Slapstick
27.7%
1982Deadeye Dick
27.6%
1990Hocus Pocus
25.8%
1979Jailbird
23%

From the Vault

Choose the Only Four (Music)

by AmazingPenguin

Music 7m
It wouldn't be a music foursomes quiz without the Fab Four in there somewhere.
Remove Ads.
Support Sporcle.
Get the best of Sporcle when you Go Orange. This ad-free experience offers more features, more stats, and more fun while also helping to support Sporcle. Thank you for becoming a member.

Show Comments

Extras

Top Quizzes Today


Score Distribution

Your Account Isn't Verified!

In order to create a playlist on Sporcle, you need to verify the email address you used during registration. Go to your Sporcle Settings to finish the process.

Report this User

Report this user for behavior that violates our Community Guidelines.

Details: